[Event "Dutch Open 2024"]
[Site "Velp, Netherlands"]
[Date "2024.08.01"]
[Round "9.8"]
[White "Grooten, Herman"]
[Black "Odendahl, Reiner"]
[Result "1/2-1/2"]
[WhiteElo "2211"]
[BlackElo "2274"]
[PlyCount "173"]
[[Date "2024.08.01"]]

1. d4 e6 2. c4 c5 3. d5 exd5 4. cxd5 d6 5. Nc3 g6 6. Nf3 Nf6 7. Nd2 Bg7 8. e4
O-O 9. Be2 Re8 10. O-O Na6 11. Rb1 Nd7 12. Nc4 Ne5 13. Ne3 Rb8 14. a3 h5 15. h3
Nc7 16. f4 Nd7 17. e5 Nxe5 18. fxe5 Bxe5 19. Bd3 b5 20. Qf3 Qe7 21. Bd2 Bd7 22.
Rbe1 Rf8 23. g4 Qh4 24. Kg2 hxg4 25. Nxg4 Bxg4 26. Qxg4 Qxg4+ 27. hxg4 b4 28.
Ne4 bxa3 29. bxa3 Rb2 30. Re2 Nxd5 31. Bh6 Rfb8 32. Nd2 Nf6 33. Bg5 Nxg4 34.
Bc4 Rc2 35. Kh3 Nh2 36. Rxh2 Rc3+ 37. Rf3 Rxf3+ 38. Nxf3 Bxh2 39. Nxh2 Rb1 40.
Ng4 Ra1 41. Be7 Rxa3+ 42. Kh4 Kg7 43. Bxd6 f6 44. Bf1 Ra4 45. Kg3 c4 46. Ne3 c3
47. Kf3 a5 48. Bc5 Ra2 49. Bd3 f5 50. Bd4+ Kh6 51. Nc2 Rb2 52. Bxc3 Rb3 53.
Bd2+ Kh5 54. Ke2 a4 55. Bc1 Kg4 56. Nd4 Rb7 57. Ba3 Rd7 58. Nf3 Rb7 59. Ne5+
Kg5 60. Bc2 Rc7 61. Kd2 Rh7 62. Bd6 Kf6 63. Nd3 Rh4 64. Be5+ Kg5 65. Bd6 Re4
66. Bc5 f4 67. Nb4 Re5 68. Bd4 Ra5 69. Bd1 a3 70. Bb3 Kg4 71. Na2 g5 72. Nc3
Kg3 73. Ba2 g4 74. Bb6 Ra6 75. Bc7 Ra7 76. Ne2+ Kg2 77. Nxf4+ Kh1 78. Bd5+ Kh2
79. Be5 a2 80. Ne2+ Kh3 81. Ba1 Rd7 82. Ke3 Rxd5 83. Nf4+ Kh2 84. Nxd5 g3 85.
Nf6 g2 86. Ng4+ Kg3 87. Be5+ 1/2-1/2

[Event "Dutch Open 2024"]
[Site "Velp, Netherlands"]
[Date "2024.08.01"]
[Round "9.10"]
[White "Aarav Sarbalia"]
[Black "Hilwerda, Jonas"]
[Result "1/2-1/2"]
[WhiteElo "2042"]
[BlackElo "2257"]
[PlyCount "63"]
[[Date "2024.08.01"]]

1. e4 c5 2. Nf3 d6 3. d4 cxd4 4. Nxd4 Nf6 5. Nc3 Nc6 6. Bg5 Bd7 7. Qd2 Rc8 8.
O-O-O Nxd4 9. Qxd4 Qa5 10. Bd2 a6 11. Kb1 Qc5 12. Qxc5 Rxc5 13. f3 h5 14. h4 g6
15. Ne2 Bg7 16. Be3 Rc8 17. Nd4 O-O 18. c4 Ne8 19. Nb3 b5 20. Nc5 Bc6 21. cxb5
axb5 22. Nd3 Nc7 23. Nb4 Bd7 24. Bb6 Ne6 25. Nd5 Rfe8 26. Be3 Bc6 27. Be2 Nc5
28. Rc1 Bxd5 29. exd5 b4 30. Bb5 Red8 31. Bxc5 dxc5 32. Bc4 1/2-1/2

[Event "Dutch Open 2024"]
[Site "Velp, Netherlands"]
[Date "2024.08.01"]
[Round "9.11"]
[White "Vos, Tjark"]
[Black "Saketh, Pedagandham"]
[Result "1-0"]
[WhiteElo "2170"]
[BlackElo "2051"]
[PlyCount "75"]
[[Date "2024.08.01"]]

1. e4 e5 2. Bc4 Nf6 3. d3 c6 4. Nf3 Be7 5. O-O d6 6. Re1 O-O 7. Nbd2 Be6 8. c3
Bxc4 9. Nxc4 Nbd7 10. a4 a5 11. h3 Nc5 12. Be3 Nfd7 13. Qc2 Ne6 14. d4 Qc7 15.
Rad1 g6 16. Qb3 b5 17. axb5 Rfb8 18. dxe5 Rxb5 19. exd6 Bxd6 20. Qa2 Bf8 21.
Nd4 Nxd4 22. Bxd4 Rh5 23. Rd3 Re8 24. g4 Rb5 25. Nd2 Qb7 26. c4 Rb4 27. Qxa5 c5
28. Bc3 Ne5 29. Bxe5 Rxe5 30. b3 Rb6 31. Rd8 Ra6 32. Qc3 Ree6 33. e5 Qe7 34.
Rd5 f6 35. Ne4 fxe5 36. Nxc5 Ra2 37. Nxe6 Qxe6 38. Qxe5 1-0

[Event "Dutch Open 2024"]
[Site "Velp, Netherlands"]
[Date "2024.08.01"]
[Round "9.12"]
[White "Shakhverdian, William"]
[Black "Zecha, Oscar"]
[Result "1-0"]
[WhiteElo "2157"]
[BlackElo "1999"]
[PlyCount "63"]
[[Date "2024.08.01"]]

1. d4 Nf6 2. Nf3 d5 3. c3 c5 4. e3 Nc6 5. Bd3 e6 6. Nbd2 Qb6 7. O-O Be7 8. Qe2
O-O 9. dxc5 Bxc5 10. e4 dxe4 11. Nxe4 Nxe4 12. Bxe4 h6 13. Bc2 Re8 14. b4 Be7
15. b5 Na5 16. Ne5 Qc7 17. Bf4 Bd6 18. Bg3 Qxc3 19. Nxf7 Be7 20. Ne5 Bf6 21.
Rac1 Qb4 22. Qd3 Rd8 23. Qh7+ Kf8 24. Rcd1 Rd5 25. Qh8+ Ke7 26. Rxd5 exd5 27.
Bg6 Qxb5 28. Re1 Bxe5 29. Qxg7+ Kd6 30. Qxe5+ Kc5 31. Qd6+ Kd4 32. Be5+ 1-0

[Event "Dutch Open 2024"]
[Site "Velp, Netherlands"]
[Date "2024.08.01"]
[Round "9.13"]
[White "Schuricht, Emil Frederick"]
[Black "Zwirs, Jasper"]
[Result "1-0"]
[WhiteElo "1973"]
[BlackElo "2088"]
[PlyCount "139"]
[[Date "2024.08.01"]]

1. c4 c6 2. Nf3 d5 3. g3 Nf6 4. Bg2 dxc4 5. O-O Nbd7 6. Na3 Nb6 7. Qc2 g6 8.
Nxc4 Nxc4 9. Qxc4 Bg7 10. Re1 O-O 11. d4 a5 12. e4 a4 13. Qb4 h6 14. Bf4 Re8
15. Rad1 Qa5 16. Qxa5 Rxa5 17. a3 Be6 18. Be5 Rc8 19. Rc1 Rb5 20. Re2 Bg4 21.
h3 Bxf3 22. Bxf3 Rb3 23. Kg2 Nd7 24. Bxg7 Kxg7 25. Rd2 Rb6 26. d5 Nf8 27. Bd1
Ra8 28. dxc6 bxc6 29. Rc4 Rba6 30. Rdc2 Rd8 31. Be2 Ne6 32. Rb4 Ra7 33. Bg4 Nd4
34. Rcc4 e5 35. Rxa4 Rxa4 36. Rxa4 Rb8 37. b4 f5 38. Bf3 Kf6 39. Ra6 Rc8 40. b5
Nxb5 41. exf5 Nd4 42. fxg6 Kxg6 43. Bd5 Kf5 44. Bc4 Ke4 45. a4 Nc2 46. a5 Kd4
47. Be2 e4 48. Ra7 c5 49. Rd7+ Ke5 50. a6 c4 51. a7 c3 52. Rc7 Rxc7 53. a8=Q
Ne1+ 54. Kf1 c2 55. Qa1+ Kd6 56. Qc1 Nd3 57. Bxd3 exd3 58. Ke1 Rb7 59. Qxh6+
Kc5 60. Qg5+ Kc4 61. Qf4+ Kb3 62. Kd2 Kb2 63. Qd4+ Kb1 64. Qxd3 Rd7 65. Qxd7
c1=Q+ 66. Ke2 Qh1 67. Qd3+ Kb2 68. h4 Ka2 69. Qg6 Qh3 70. h5 1-0

[Event "Dutch Open 2024"]
[Site "Velp, Netherlands"]
[Date "2024.08.01"]
[Round "9.14"]
[White "Van de Pavoordt, Max"]
[Black "Stillger, Bernhard"]
[Result "1/2-1/2"]
[WhiteElo "2044"]
[BlackElo "2263"]
[PlyCount "29"]
[[Date "2024.08.01"]]

1. c4 c5 2. Nc3 Nc6 3. g3 g6 4. Bg2 Bg7 5. d3 d6 6. Qd2 Qd7 7. b3 b6 8. Bb2 Bb7
9. Nd5 e5 10. h4 h5 11. Bh3 Qd8 12. Nf3 Nge7 13. e4 Nxd5 14. cxd5 Nd4 15. Nxd4
1/2-1/2

[Event "Dutch Open 2024"]
[Site "Velp, Netherlands"]
[Date "2024.08.01"]
[Round "9.15"]
[White "Koster, Chiel"]
[Black "Grooten, Tommy"]
[Result "1/2-1/2"]
[WhiteElo "2058"]
[BlackElo "2146"]
[PlyCount "47"]
[[Date "2024.08.01"]]

1. e4 c5 2. Nf3 e6 3. d4 cxd4 4. Nxd4 Nf6 5. Nc3 d6 6. Be3 a6 7. g4 h6 8. h4
Nc6 9. Rg1 d5 10. g5 hxg5 11. hxg5 Nxe4 12. Nxe4 dxe4 13. Nxc6 Qxd1+ 14. Rxd1
bxc6 15. Bg2 Rh4 16. Rd4 Rb8 17. Bxe4 Bd7 18. Bd3 Rh3 19. Bf1 Rh5 20. Be2 Rh3
21. Bg4 Rh4 22. Be2 Rh3 23. Bg4 Rh4 24. Be2 1/2-1/2

[Event "Dutch Open 2024"]
[Site "Velp, Netherlands"]
[Date "2024.08.01"]
[Round "9.16"]
[White "Dordevic, Tom"]
[Black "Wink, Luka"]
[Result "1/2-1/2"]
[WhiteElo "2133"]
[BlackElo "2066"]
[PlyCount "56"]
[[Date "2024.08.01"]]

1. d4 Nf6 2. c4 e6 3. Nf3 c5 4. d5 exd5 5. cxd5 d6 6. Nc3 g6 7. h3 Bg7 8. e4
O-O 9. Bd3 b5 10. Nxb5 Re8 11. O-O Nxe4 12. Bxe4 Rxe4 13. Bg5 Qd7 14. Nc3 Re8
15. Re1 Rxe1+ 16. Qxe1 Bb7 17. Qd2 Na6 18. Re1 Re8 19. Rxe8+ Qxe8 20. Bf4 Qd7
21. Ne4 Nb4 22. Nxd6 Nxd5 23. Bg3 Bc6 24. Qc2 Nb6 25. Ng5 Bd5 26. Nge4 Qc6 27.
f3 f5 28. Nc3 Bd4+ 1/2-1/2

[Event "Dutch Open 2024"]
[Site "Velp, Netherlands"]
[Date "2024.08.01"]
[Round "9.17"]
[White "Op den Dries, Johan"]
[Black "Goudriaan, Rafael"]
[Result "0-1"]
[WhiteElo "2120"]
[BlackElo "2028"]
[PlyCount "100"]
[[Date "2024.08.01"]]

1. e4 c6 2. Nc3 d5 3. Nf3 dxe4 4. Nxe4 Nf6 5. Qe2 Nxe4 6. Qxe4 Be6 7. Be2 Nd7
8. d4 Nf6 9. Qh4 Bf5 10. c3 e6 11. Ne5 Be7 12. Bg5 Nd7 13. Bxe7 Qxe7 14. Qf4
Nxe5 15. Qxe5 Qf6 16. O-O-O Qxe5 17. dxe5 Rd8 18. Rxd8+ Kxd8 19. Rd1+ Kc7 20.
Bd3 Bxd3 21. Rxd3 Rd8 22. Kd2 Rxd3+ 23. Kxd3 c5 24. Ke4 Kd7 25. f4 h5 26. g3 g6
27. h3 Ke7 28. g4 hxg4 29. hxg4 Kd7 30. f5 g5 31. a4 Kc6 32. b4 cxb4 33. cxb4
a5 34. bxa5 Kc5 35. f6 Kc4 36. Ke3 Kd5 37. Kd3 Kxe5 38. Kc4 Kd6 39. Kb5 e5 40.
Kb6 e4 41. Kxb7 e3 42. a6 e2 43. a7 e1=Q 44. a8=Q Qb4+ 45. Kc8 Qxg4+ 46. Kb8
Qb4+ 47. Kc8 Qb6 48. Qb8+ Qxb8+ 49. Kxb8 g4 50. a5 g3 0-1

[Event "Dutch Open 2024"]
[Site "Velp, Netherlands"]
[Date "2024.08.01"]
[Round "9.18"]
[White "Van Foreest, Nanne"]
[Black "Aravindhan, Achyuth"]
[Result "1/2-1/2"]
[WhiteElo "1985"]
[BlackElo "2094"]
[PlyCount "70"]
[[Date "2024.08.01"]]

1. e4 c5 2. Nf3 Nc6 3. d4 cxd4 4. Nxd4 Nf6 5. Nc3 e5 6. Ndb5 d6 7. Bg5 a6 8.
Na3 b5 9. Nd5 Be7 10. Bxf6 Bxf6 11. c3 Ne7 12. Nxf6+ gxf6 13. Nc2 Bb7 14. Bd3
d5 15. Qe2 dxe4 16. Bxe4 Bxe4 17. Qxe4 Qd5 18. Qxd5 Nxd5 19. O-O-O Rd8 20. g3
Ke7 21. Rhe1 Rhe8 22. Rd2 Nb6 23. Rxd8 Rxd8 24. Nb4 Ra8 25. Rd1 Ke6 26. Kc2 f5
27. Nc6 Nd5 28. Re1 e4 29. Nd4+ Ke5 30. Nc6+ Kd6 31. Nd4 Ke5 32. Nc6+ Ke6 33.
Nd4+ Ke5 34. Nc6+ Kd6 35. Nd4 Ke5 1/2-1/2

[Event "Dutch Open 2024"]
[Site "Velp, Netherlands"]
[Date "2024.08.01"]
[Round "9.19"]
[White "Smid, Jelle"]
[Black "Hng, Mei-Xian Eunice"]
[Result "0-1"]
[WhiteElo "2080"]
[BlackElo "2036"]
[PlyCount "64"]
[[Date "2024.08.01"]]

1. e4 d6 2. d4 Nf6 3. Nc3 g6 4. Bg5 h6 5. Bh4 Bg7 6. e5 Nh7 7. f4 O-O 8. Nf3
Bg4 9. h3 Be6 10. Bd3 Na6 11. Be4 d5 12. Bd3 Nb4 13. Be2 c5 14. a3 Na6 15. Bxa6
cxd4 16. Nxd4 bxa6 17. Bf2 Qc8 18. O-O Rd8 19. Qf3 f6 20. exf6 Bxf6 21. Rae1
Bf7 22. f5 g5 23. Ne6 Bxe6 24. fxe6 Qc4 25. Bg3 Rac8 26. Qh5 Rf8 27. Qg6+ Kh8
28. Qxh6 Bd4+ 29. Bf2 Rxf2 30. Rxf2 Rf8 31. Ref1 Bxf2+ 32. Rxf2 Qd4 0-1

[Event "Dutch Open 2024"]
[Site "Velp, Netherlands"]
[Date "2024.08.01"]
[Round "9.20"]
[White "Bus, Tom"]
[Black "Schroeder, Lennart"]
[Result "1-0"]
[WhiteElo "2082"]
[BlackElo "2146"]
[PlyCount "69"]
[[Date "2024.08.01"]]

1. Nf3 Nf6 2. g3 g6 3. b3 Bg7 4. Bb2 O-O 5. Bg2 d5 6. c4 c6 7. O-O Qb6 8. Qc1
Na6 9. d3 Bf5 10. Nbd2 Rac8 11. Rb1 Rfd8 12. Bd4 Qa5 13. Qb2 Ne8 14. Bxg7 Nxg7
15. Rfc1 Qb6 16. b4 Nc7 17. c5 Qa6 18. a4 Nce6 19. e4 dxe4 20. dxe4 Bg4 21. Bf1
b5 22. axb5 cxb5 23. Ra1 Qb7 24. Ne5 Ng5 25. c6 Qb6 26. Rc5 N7e6 27. Rxb5 Rxd2
28. Qxd2 Qc7 29. Qe3 Bh3 30. Bxh3 Nxh3+ 31. Kg2 Neg5 32. Rd5 e6 33. Rxa7 Qb8
34. Rb7 Qa8 35. Ra5 1-0

[Event "Dutch Open 2024"]
[Site "Velp, Netherlands"]
[Date "2024.08.01"]
[Round "9.22"]
[White "Krylov, Philippe"]
[Black "Gortemaker, Lucas"]
[Result "1/2-1/2"]
[WhiteElo "1974"]
[BlackElo "2097"]
[PlyCount "39"]
[[Date "2024.08.01"]]

1. d4 d5 2. c4 dxc4 3. Nf3 c5 4. e3 cxd4 5. Qxd4 Qxd4 6. Nxd4 a6 7. Bxc4 Nf6 8.
O-O Bd7 9. a3 Nc6 10. Nf3 Ne4 11. Nbd2 Nd6 12. Ba2 g6 13. Nb3 Bg7 14. Nbd4 Nf5
15. Nxf5 Bxf5 16. e4 Bg4 17. Ng5 O-O 18. f3 Bd4+ 19. Kh1 Bd7 20. f4 1/2-1/2

[Event "Dutch Open 2024"]
[Site "Velp, Netherlands"]
[Date "2024.08.01"]
[Round "9.23"]
[White "Evengroen, Jan"]
[Black "Smit, Manuel"]
[Result "1-0"]
[WhiteElo "2176"]
[BlackElo "1969"]
[PlyCount "71"]
[[Date "2024.08.01"]]

1. e4 d6 2. d4 Nf6 3. Nc3 g6 4. Be3 c6 5. f3 b5 6. Qd2 Nbd7 7. a4 Rb8 8. axb5
cxb5 9. Rxa7 Bg7 10. Nxb5 O-O 11. Qa5 Nb6 12. Bd3 d5 13. Bf4 dxe4 14. fxe4 e5
15. Bxe5 Nxe4 16. Bxb8 Re8 17. Ne2 Bh6 18. Bxe4 Qh4+ 19. Bg3 Qxe4 20. O-O Qxe2
21. Re1 Be3+ 22. Kh1 Qxc2 23. Qxb6 Qd2 24. Qc6 Rf8 25. Qc3 Qxc3 26. bxc3 Bd2
27. Re2 Bg5 28. h4 Bg4 29. Rea2 Bd8 30. Nd6 Be6 31. R2a6 Kg7 32. c4 g5 33. d5
Bg4 34. Be5+ Kg8 35. hxg5 Bxg5 36. Ne4 1-0

[Event "Dutch Open 2024"]
[Site "Velp, Netherlands"]
[Date "2024.08.01"]
[Round "9.24"]
[White "Blok, Xaveer"]
[Black "Vosselman, Jan"]
[Result "0-1"]
[WhiteElo "1885"]
[BlackElo "2094"]
[PlyCount "102"]
[[Date "2024.08.01"]]

1. e4 e5 2. Nf3 Nc6 3. d4 exd4 4. Nxd4 Bc5 5. Be3 Nxd4 6. Bxd4 Bxd4 7. Qxd4 Qf6
8. e5 Qb6 9. Qxb6 axb6 10. Nc3 Ne7 11. Bc4 O-O 12. Nb5 c6 13. Nd6 Ng6 14. f4 b5
15. Bb3 c5 16. Bd5 Ne7 17. Bxb7 Ra4 18. O-O Bxb7 19. Nxb7 Nd5 20. Nxc5 Rc4 21.
Nd3 Rxc2 22. Rac1 Rfc8 23. Rxc2 Rxc2 24. Rf2 Rc4 25. g3 Kf8 26. Ne1 Nb4 27. a3
Rc1 28. Rf1 Nd5 29. Nd3 Rc2 30. Rf2 Rc4 31. Ne1 Rc1 32. Re2 Nb6 33. Kf2 Nc4 34.
Nd3 Rd1 35. Nc5 Ke7 36. Ne4 Rb1 37. Nc3 Rxb2 38. Rxb2 Nxb2 39. Nxb5 Ke6 40. Nc3
g5 41. a4 Nc4 42. Kf3 gxf4 43. gxf4 f6 44. Ne4 fxe5 45. Ng5+ Kf5 46. Nxh7 e4+
47. Ke2 d5 48. Ng5 d4 49. Nxe4 Kxe4 50. f5 d3+ 51. Kd1 Ke3 0-1